000 00500nam a2200181Ia 4500
003 GCL
008 140319s9999 xx 000 0 ara d
040 _aGCL /
_cGCL
082 0 4 _a811.9
_bك ا
100 1 _aكمال ابومصلح
245 1 0 _aاحمد شوقى حياته وشعره /
_cكمال ابومصلح
260 _a[S.N] :
_bالمكتبة الحديثة ،
_c1987
300 _a288 ص
490 _a
650 0 4 _aالشعراء
650 0 4 _aاحمد شوقى
942 _2ddc
_cBK
999 _c39024
_d39024